000 00719nam a22002537a 4500
003 UA-OsUOA
001 26195
007 ta
008 20040518b un ||||| |||| 00| 0 ukr d
100 _aСергиенко И.В.
090 _a519.6
_bС32
942 _cBK
040 _aUA-OsUOA
_brus
_cUA-OsUOA
_dUA-OsUOA
245 _aМатематическое моделирование и исследование процессов в неоднорожных средах
300 _a432 с.
_bІлюстрації
955 _a0
041 _arus
080 _a519.6
020 _a5-12-001332-8
260 _aКиев
_bНаукова думка
_c1991
044 _aRU
650 7 _2UDC
999 _c312511
_d312511